000 00700nam a2200289Ia 4500
005 20260324125222.0
008 008 260324s9999 xx 000 0 eng d
020 _a9780203879825
037 _aEBOOK
040 _aCRL
040 _beng
040 _cCRL
041 _2eng
041 _aeng
084 _qCRL
100 _aCaroline Bath
_91177151
245 0 _aLearning to Belong
245 0 _bExploring Young Children's Participation at the Start of School
260 _bTaylor and Francis
260 _c2009
365 _a
365 _b240
856 _uhttp://www.taylorfrancis.com/books/9780203879825
942 _cEBOOK
999 _c1772202
_d1772202